00220 a2200097 4500020001800000100003300018245002200051250001200073260001800085999001900103 a9789356063600 aTanenbaum Andrew. S.9204755 aComputer Networks a6th ed. bPearsonc2022 c356194d356194